Quizzes
Events
Quiz Creation
Community
Videos
Private Events
Remove Ads
Sign In
Join for FREE
Feedback
Dark Mode
Quiz Categories
Sports
Geography
Music
Movies
Television
Just For Fun
Miscellaneous
History
Literature
Language
Science
Gaming
Entertainment
Religion
Holiday
For Kids
Quiz Lab
Recent
Popular Today
Quiz Kudos Today
Editor Picks
Curator Picks
Quizzes by...
Day
Popularity
Type
Ratings
Length
Year
Community
Subscriptions
Recent Discussions
Orange Saloon
Badges
Playlists
Quests
Create
Leaderboards
Showdown
Live 5
Trivia Bingo
Activity
Puzzle Library
Sporcle Events
Private Events
Virtual Trivia
Globe League
Become a Host
Pub Owners
SporcleCon
Opinionation
Our Games
Videos
Blog
Mobile Apps
Partnerships
Remove Ads and Go Orange
Feedback
Sports
Athletes
MLB
NBA
NHL
NFL
Soccer
Sports Teams
WWE
NCAA
Football
Premier League
Basketball
Baseball
Hockey
Golf
Tennis
Cricket
Rugby
Auto Racing
Olympics
World Cup
Sports
Athletes
MLB
NBA
NHL
NFL
Soccer
Sports Teams
WWE
NCAA
Football
Premier League
Basketball
Baseball
Hockey
Golf
Tennis
Cricket
Rugby
Auto Racing
Olympics
World Cup
Random Quiz
Search Sporcle
×
Curator Pick
Curator Pick
Sports
WWE
Type in answers that appear in a list
Type in answers that appear in a list
Classic
Best Score? Go Orange.
Pro Wrestling Illustrated Top 50 of 1991 Stats
Can you name the top 50 pro wrestlers in 1991 according to Pro Wrestling Illustrated?
By
s1rweeze
8m
50 Questions
7,435 Plays
7,435 Plays
7,435 Plays
Comments
Comments
Give Quiz Kudos
Give Quiz Kudos
-
- Ratings
hide this ad
Replay
Link that replays current quiz
Next Quiz
Link to next quiz in quiz playlist
You Got
0%
They Got
Avg Score
51%
Avg Friend Score
Upgrade to see
Score Distribution
Jump to the score distribution portion of the page
Score
0/50
Timer
08:00
0
Plays Today
Rank
Wrestler
% Correct
1
Hulk Hogan
99%
3
Ric Flair
93.4%
4
Randy Savage
90.6%
21
Bret Hart
89.9%
11
Ultimate Warrior
86%
5
Sting
84.9%
37
Shawn Michaels
81.5%
2
Lex Luger
76.1%
17
Ted DiBiase
72.5%
9
Arn Anderson
70.6%
15
Road Warrior Hawk
67.1%
18
Road Warrior Animal
67.1%
13
Curt Hennig
66.7%
46
Davey Boy Smith
66.6%
26
Rick Rude
66.3%
36
Sgt. Slaughter
65.9%
7
Ricky Steamboat
65.9%
33
Big Van Vader
65%
23
Jake Roberts
64%
31
Steve Austin
62.3%
16
Sid Justice
59.7%
25
Big Boss Man
57.7%
50
Earthquake
55.3%
6
Scott Steiner
54.1%
10
Rick Steiner
54%
Rank
Wrestler
% Correct
41
Rick Martel
53.7%
44
Brian Pillman
53.5%
14
Barry Windham
52.7%
29
Ron Simmons
51.7%
45
Cactus Jack
51.2%
40
Kerry Von Erich
50.4%
39
Irwin R. Schyster
45.4%
20
The Great Muta
43%
12
Jerry Lawler
40.6%
22
Terry Funk
40.4%
30
Bobby Eaton
32.8%
27
Jushin Liger
31.5%
47
Dino Bravo
29.3%
8
Steve Williams
27.8%
28
Jeff Jarrett
25.2%
24
Stan Hansen
22.4%
19
Nikita Koloff
21.8%
34
Antonio Inoki
21.5%
38
Larry Zbyszko
20.1%
48
Tom Zenk
19.3%
35
Abdullah the Butcher
15.2%
43
Eddie Gilbert
11.6%
49
Konnan
9.5%
42
Mr. Saito
6.2%
32
Eric Embry
5.7%
Quiz Playlist
Details
Report
Send in Message
Add To Playlist
Classic:
Type in answers that appear in a list
Quiz Source
Last Updated: Feb 16, 2017
Curator Pick in
WWE
Quiz Scoreboard
CHALLENGE
Sign Up to Join the Scoreboard
Show All
Scores
Hide
Comments
May contain spoilers
Recently Published
College Basketball Coaching Resumes
by pancakes188
Sports
9m
Billboard Blitz: Fleetwood Mac
by CooCooCachoo
Music
15s
Presidents Visiting Landmarks
by Hejman
History
7m
More to Explore
Quiz From the Vault
Featured Blog Post
Where Did the Easter Bunny Come From?
hide this ad
You Might Also Like...
Tags
WWE Quiz
1991
Illustrated
pro
Pro Wrestling
Wrestlers
Wrestling
Today's Top Quizzes in Sports
Browse Sports
hide this ad
Today's Top Quizzes in WWE
Browse WWE
Top Contributed Quizzes in Sports
1
Les meilleurs buteurs des matchs entre le PSG et l’OM
2
2022 World Cup Stars
3
FIFA Club World Cup Champions
4
Les entraîneurs de l'OM et du PSG au 21e siècle
5
Criteria MLB: Left Handed Sluggers
6
AFC Teams Reveal (Wrong Answers Minefield)
7
5-to-1: UK Sports Teams
8
Name the Premier League winners with different clubs
9
5-to-1: FBS Animal Nicknames
10
Players with Multiple 50 Home Run Seasons
Explore More
Trending Topics
Kpop
Marvel
Crossword
NBA
Disney
Anime
Harry Potter
NFL
Soccer
Country
Song
Pokémon
WWE
Puzzle
The Office
hide this ad
More By:
s1rweeze
Quiz
Plays
Rating
Category
Featured
Created
Pro Wrestling Illustrated Top 50 of 1991
7,435
4.18
Sports
Oct 20, 2009
WWE Wrestlemania Money in the Bank Participants
4,207
4.20
Sports
Mar 17, 2010
IGN's Top 100 Super Nintendo Games
1,681
3.75
Gaming
Jul 27, 2012
Super Nintendo Ending Screens
1,551
4.69
Gaming
Oct 7, 2013
Top 100 N64 Games
1,236
3.33
Gaming
Dec 30, 2010
Go to Creator's Profile
Score Distribution
Quiz Creator Spotlight
s1rweeze
Follow
Send a Message
Quizzes Created
-
Created Quiz Play Count
-
More By This Creator
Popular Quizzes Today
1
Find the US States - No Outlines Minefield
2
Find the Countries of Europe - No Outlines Minefield
3
The Countries of the World
4
Find the US States
5
Risky Map Clicking: Biggest States A-Z
6
US States
7
Popular People in 1961
8
Movies - When Are They Set?
More Sports Quizzes
Big 4 Sports Letter Loss
Published
Trending Quizzes
Risky Map Clicking: Least Populous States A-Z
1-10 Letter G Words
1-10 Letter F Words
Risky Map Clicking: Next State Alphabetically
Risky Map Clicking: Biggest States A-Z
Recently Updated
Leaping Animals
pecheneg
Reality TV Shows (A-Z)
bhenderson79
Rickey Henderson's Hall of Fame Teammates
pecheneg
Champions League XIs: Arsenal
pecheneg
Quick Pick: Celebrities in WWE's Hall of Fame
aduchscher
A-Z Keypad Blitz II
pecheneg
Multiple Oscar Actors
pecheneg
Mystery Phrase Blitz: Oscar 'Best Actors'
pecheneg
F. Scott Fitzgerald Novels
LTH
Pick 3 Villains
ddd62291
Trending Topics
Anime
Kpop
Disney
Marvel
NBA
Crossword
Harry Potter
NFL
Song
Pokémon
The Office
WWE
Country
Soccer
Puzzle
Your Account Isn't Verified!
In order to create a playlist on Sporcle, you need to verify the email address you used during registration. Go to your
Sporcle Settings
to finish the process.
Report this User
Report this user for behavior that violates our
Community Guidelines
.
Details:
Send Report
Go to the Sporcle.com Mobile Site →
Comments